000 00421nam a2200157Ia 4500
003 GCL
008 140319s9999 xx 000 0 ara d
040 _aGCL /
_cGCL
082 0 4 _a811.5
_bم م
100 1 _aمحمد جبريل
245 1 0 _aمن اوراق ابى الطيب المتنبى /
_cمحمد جبريل
300 _a136 ص
490 _aكتاب
_v0
650 0 4 _aالادب العربى
942 _2ddc
_cBK
999 _c41710
_d41710